000 01061nam a22003137i 4500
003 DO-SdBNP
005 20250528102109.0
007 ta
008 250528b2021 |||||||| |||| 00| 0 spa d
020 _a9789945484465
040 _aDO-SdBNP
_bspa
_cBNPHU
_erda
041 _hspa
082 _aRD863.44
_bM375a
_222
100 _aMarte, Belkis M
_dautor
_979573
111 1 _aConcurso de Arte y Literatura Bancentral
_cSanto Domingo, República Dominicana)
_d27 : 2023
_987834
245 1 _aAire y árbol /
_cBelkis M. Marte ; ilustrado por René Arias ; traductor Rhina P. Espaillat
264 _aSanto Domingo :
_bFlam Editores,
_c2021.
300 _a51 páginas :
_bilustraciones ;
_c24 cm
336 _ardacontent
_btexto
_2txt
337 _ardamedia
_bsin mediación
_2n
338 _ardacarrier
_bvolumen
_2nc
590 _aInventariado, 2025/DG
650 4 _aCuentos dominicanos
650 4 _aLiteratura dominicana
700 1 _aArias, René
_eilustrador
_987899
700 1 _aEspaillat, Rhina P.
_etraductor
_987900
910 _aDG
942 _2ddc
_cLBS1
999 _c59093
_d59093